| 000 | 00747cab a2200265 4500 | ||
|---|---|---|---|
| 001 | WB2831-31 | ||
| 008 | 090401t1992 xxu||||| |||| 00| 0 eng d | ||
| 035 | _a(Sirsi) u73065 | ||
| 041 | _aeng | ||
| 245 | _aNo win, no fee | ||
| 260 | _c1992 | ||
| 350 | _a0 | ||
| 490 |
_aIndependent _v4 August 1992, 6(1) |
||
| 520 | _aThe Law Society is considering whether contingency fees, payment to lawyers if they win a case, would help to cut the Government`s legal aid bill. | ||
| 650 | _aCONDITIONAL FEES | ||
| 650 | _aCONTINGENCY FEES | ||
| 650 | _aCOURTS AND LEGAL SERVICES ACT 1990 | ||
| 650 | _aFEES | ||
| 650 | _aLAW SOCIETY | ||
| 650 | _aLEGAL AID | ||
| 650 | _aSOLICITORS | ||
| 690 | _aLAW | ||
| 942 | _n0 | ||
| 948 | _c04/03/1997 | ||
| 999 |
_c46202 _d46202 |
||